[Event "Pontevedra op-B 6th"]
[Site "Pontevedra"]
[Date "2018.08.14"]
[Round "9"]
[White "Lesteiro Lores, Manuel Raul"]
[Black "Rocha Romaus, Gumersindo"]
[Result "0-1"]
[WhiteElo "1729"]
[BlackElo "1918"]
[PlyCount "124"]
[EventDate "2018.08.08"]
[EventType "swiss"]
[EventRounds "9"]
[EventCountry "ESP"]
[SourceTitle "CBM 186 Extra"]
[Source "ChessBase"]
[SourceDate "2018.08.24"]
[SourceVersion "1"]
[SourceVersionDate "2018.08.24"]
[SourceQuality "1"]

1. d4 Nf6 2. Nc3 g6 3. e4 d5 4. e5 Ne4 5. Bd3 c5 6. Nxe4 dxe4 7. Bxe4 cxd4 8. Nf3 Bg7 9. 0-0 Na6 10. Qe2 0-0 11. Rd1 Qb6 12. c3 dxc3 13. Be3 Qxb2 14. Qxb2 cxb2 15. Rab1 Nb4 16. Rxb2 Nc6 17. Bxc6 bxc6 18. h3 Be6 19. Rb7 a5 20. a3 Rfe8 21. Bc5 Rab8 22. Rdb1 Rxb7 23. Rxb7 Bd5 24. Ra7 Bxf3 25. gxf3 Bxe5 26. Rxa5 Bd6 27. Kf1 Rb8 28. Ke2 Rb2+ 29. Kd3 Bxc5 30. Rxc5 Rb3+ 31. Rc3 Rb6 32. Kc4 Kf8 33. Kc5 Ra6 34. Rb3 Ke8 35. Rb8+ Kd7 36. Rb7+ Ke6 37. Rb3 h5 38. Rd3 Kf5 39. Kb4 e5 40. a4 e4 41. fxe4+ Kxe4 42. Re3+ Kd4 43. a5 Ra7 44. Rf3 Rb7+ 45. Ka4 Rb1 46. a6 Rb8 47. a7 Ra8 48. Rxf7 c5 49. Rc7 c4 50. Kb5 c3 51. Kb6 Kd3 52. Kb7 Rxa7+ 53. Kxa7 c2 54. h4 Kd2 55. Kb8 c1Q 56. Rxc1 Kxc1 57. Kc7 Kd2 58. Kd6 Ke2 59. f4 Kf3 60. Ke5 Kg4 61. Kf6 Kxf4 62. Kxg6 Kg4 0-1

[Event "Pontevedra op-B 6th"]
[Site "Pontevedra"]
[Date "2018.08.09"]
[Round "2"]
[White "Rocha Romaus, Gumersindo"]
[Black "Dias, Jose Oliveira Gaspa"]
[Result "1-0"]
[WhiteElo "1918"]
[BlackElo "1691"]
[PlyCount "93"]
[EventDate "2018.08.08"]
[EventType "swiss"]
[EventRounds "9"]
[EventCountry "ESP"]
[SourceTitle "CBM 186 Extra"]
[Source "ChessBase"]
[SourceDate "2018.08.24"]
[SourceVersion "1"]
[SourceVersionDate "2018.08.24"]
[SourceQuality "1"]

1. e4 d5 2. exd5 Qxd5 3. Nc3 Qd6 4. Nf3 Nf6 5. d4 a6 6. Bd3 Bg4 7. Ne4 Nxe4 8. Bxe4 c6 9. c3 Nd7 10. Qb3 Qe6 11. Qxe6 Bxe6 12. Bd3 h6 13. c4 g6 14. 0-0 Bg7 15. Bf4 g5 16. Be3 0-0 17. Rfe1 Bg4 18. h4 Bxf3 19. gxf3 Bf6 20. hxg5 hxg5 21. Kg2 Kg7 22. Rh1 Rh8 23. Rxh8 Rxh8 24. Rd1 e6 25. b3 Rh4 26. Be4 g4 27. f4 Be7 28. d5 cxd5 29. cxd5 exd5 30. Bxd5 b5 31. Bxf7 Kxf7 32. Rxd7 Ke8 33. Ra7 Rh6 34. Kg3 Rg6 35. f5 Rc6 36. Kxg4 Bf6 37. Rb7 Bd8 38. Bd4 Rd6 39. Be3 Rc6 40. Kf3 Bf6 41. Rb6 Rxb6 42. Bxb6 Kf7 43. Ke4 Ke7 44. Kd5 Kd7 45. Bd4 Be7 46. f6 Bf8 47. Bc5 1-0

[Event "Pontevedra op-B 6th"]
[Site "Pontevedra"]
[Date "2018.08.08"]
[Round "1"]
[White "Gonzalez Fernandez, Alicia"]
[Black "Rocha Romaus, Gumersindo"]
[Result "0-1"]
[WhiteElo "1443"]
[BlackElo "1918"]
[PlyCount "38"]
[EventDate "2018.08.08"]
[EventType "swiss"]
[EventRounds "9"]
[EventCountry "ESP"]
[SourceTitle "CBM 186 Extra"]
[Source "ChessBase"]
[SourceDate "2018.08.24"]
[SourceVersion "1"]
[SourceVersionDate "2018.08.24"]
[SourceQuality "1"]

1. e4 e5 2. Nf3 Nc6 3. Bc4 Bc5 4. a4 Nf6 5. d3 a6 6. Bg5 h6 7. Bh4 d6 8. h3 g5 9. Bg3 Nh5 10. c3 Nxg3 11. fxg3 Qe7 12. h4 gxh4 13. Nxh4 Qg5 14. Qf3 Be6 15. Bxe6 fxe6 16. Rf1 0-0-0 17. b4 Bxb4 18. cxb4 Nd4 19. Qf2 Qc1# 0-1

[Event "Ferrol op 31th"]
[Site "Ferrol"]
[Date "2016.07.24"]
[Round "7"]
[White "Leira Paricio, Julio"]
[Black "Rocha Romaus, Gumersindo"]
[Result "1-0"]
[WhiteElo "2003"]
[BlackElo "1936"]
[PlyCount "43"]
[EventDate "2016.07.18"]
[EventType "swiss"]
[EventRounds "9"]
[EventCountry "ESP"]
[SourceTitle "EXT 2024"]
[Source "ChessBase"]
[SourceDate "2023.10.10"]
[SourceVersion "1"]
[SourceVersionDate "2023.10.10"]
[SourceQuality "1"]

1. c4 Nf6 2. g3 g6 3. Bg2 Bg7 4. Nc3 0-0 5. e4 d6 6. Nge2 c5 7. d3 Nc6 8. 0-0 e6 9. h3 d5 10. exd5 exd5 11. cxd5 Nb4 12. Bg5 Bf5 13. g4 Bxd3 14. a3 Bxe2 15. Qxe2 Na6 16. Rfd1 Re8 17. Qf3 h6 18. Bh4 Qb6 19. Rab1 Nd7 20. d6 Bd4 21. Qxb7 Rab8 22. Qxd7 1-0